000 00816cam a22002294a 4500
999 _c17803
_d17803
008 090115s2010 maua 001 0 eng
020 _a9780495571919
050 0 0 _aMT6.H565
_bM87 2010
100 1 _aHoffer, Charles R.
245 1 0 _aMusic listening today /
_cCharles R. Hoffer.
250 _a4th ed.
260 _aBoston, MA :
_bSchirmer Cengage Learning,
_c2010.
300 _axviii, 417 p. :
_bill. ;
_c28 cm.
500 _aIncludes index.
650 0 _aMusic appreciation.
942 _2lcc
_cBOOKS
_hMT6.H565 M87 2010